000 00223nam a2200097Ia 4500
008 240331s9999 xx 000 0 und d
082 _bKAR
100 _aKarunakaramoorthy, P
245 0 _aOru akathi uruvakum neram
942 _cL
999 _c4018
_d4018